<?xml version="1.0" encoding="UTF-8"?>
<collection xmlns="http://www.loc.gov/MARC21/slim">
 <record>
  <leader>01366nam a2200229 a 4500</leader>
  <controlfield tag="001">TVCDKTCT8596</controlfield>
  <controlfield tag="003">Thư viện trường Cao đẳng Kỹ thuật Cao Thắng</controlfield>
  <controlfield tag="005">20080227000000</controlfield>
  <controlfield tag="008">080227</controlfield>
  <datafield tag="980" ind1="\" ind2="\">
   <subfield code="a">Thư viện Trường CĐ Kỹ Thuật Cao Thắng</subfield>
  </datafield>
  <datafield tag="024" ind1=" " ind2=" ">
   <subfield code="a">RG_1 #1 eb0 i1</subfield>
  </datafield>
  <datafield tag="020" ind1="#" ind2="#">
   <subfield code="a">0471859788</subfield>
  </datafield>
  <datafield tag="041" ind1="0" ind2="#">
   <subfield code="a">vie</subfield>
  </datafield>
  <datafield tag="082" ind1="#" ind2="#">
   <subfield code="a">621.38 / </subfield>
   <subfield code="b">H112K-a</subfield>
  </datafield>
  <datafield tag="100" ind1="1" ind2="#">
   <subfield code="a">Haykin Simon</subfield>
  </datafield>
  <datafield tag="245" ind1="0" ind2="0">
   <subfield code="a">An Introduction to Analog and Digital Communications /</subfield>
   <subfield code="c">Haykin Simon</subfield>
  </datafield>
  <datafield tag="260" ind1="#" ind2="#">
   <subfield code="a">American :</subfield>
   <subfield code="b">Wiley ,</subfield>
   <subfield code="c">1989</subfield>
  </datafield>
  <datafield tag="300" ind1="#" ind2="#">
   <subfield code="a">672tr.</subfield>
  </datafield>
  <datafield tag="520" ind1="#" ind2="#">
   <subfield code="a">An introductory treatment of communication theory as applied to the transmission of information-bearing signals with attention given to both analog and digital communications. Chapter 1 reviews basic concepts. Chapters 2 through 4 pertain to the characterization of signals and systems. Chapters 5 through 7 are concerned with transmission of message signals over communication channels. Chapters 8 through 10 deal with noise in analog and digital communications. Each chapter (except chapter 1) begins with introductory remarks and ends with a problem set. Treatment is self-contained with numerous worked-out examples to support the theory. </subfield>
  </datafield>
  <datafield tag="520" ind1="#" ind2="#">
   <subfield code="a">The publisher, John Wiley &amp; Sons</subfield>
  </datafield>
  <datafield tag="520" ind1="#" ind2="#">
   <subfield code="a">Solutions Manual and Teacher's Manual available.</subfield>
  </datafield>
  <datafield tag="650" ind1="#" ind2="4">
   <subfield code="a">Telecommunication systems</subfield>
  </datafield>
 </record>
</collection>
